000 01117cam a22003254a 4500
001 12971892
003 OSt
005 20250527072149.0
008 021018s2003 enka b 001 0 eng
010 _a 2002114564
020 _a0761967192 (pbk.)
020 _a0761967184 (hard)
035 _a(DLC) 2002114564
040 _aSEKU
042 _apcc
050 0 0 _aHD 30.3
_b.T54
100 1 _aTietze, Susanne.
245 1 0 _aUnderstanding organizations through language /
_cSusanne Tietze, Laurie Cohen, and Gill Musson.
260 _aLondon ;
_aThousand Oaks :
_bSage publications,
_c2003.
300 _a191 p. :
_bill. ;
_c24 cm.
504 _aIncludes bibliographical references (p. [177]-186) and index.
650 0 _aCommunication in organizations.
650 0 _aLanguage and culture.
650 0 _aOrganizational behavior.
700 1 _aCohen, Laurie.
700 1 _aMusson, Gill.
856 4 1 _3Table of contents only
_uhttp://www.loc.gov/catdir/toc/fy043/2002114564.html
856 4 2 _3Publisher description
_uhttp://www.loc.gov/catdir/enhancements/fy0658/2002114564-d.html
942 _2lcc
_cGEN
999 _c17070
_d17070